| 000 | 00437nam a2200181Ia 4500 | ||
|---|---|---|---|
| 001 | 307 | ||
| 005 | 20260306140508.0 | ||
| 008 | 260306t2008||||xx |||||||||||||| ||spa|| | ||
| 041 | _aESP | ||
| 082 |
_a056.0974 _bB135 |
||
| 110 | _aBenemérita Universidad Autónoma de Puebla | ||
| 245 | 0 |
_aEl Machete : _b1929-1934 |
|
| 260 | _c2008 | ||
| 300 |
_a518 páginas : _c35 cm. |
||
| 650 | _aGEN | ||
| 654 | _aCHU | ||
| 942 |
_cLIB _dJUS _fJUS _2ddc _n |
||
| 999 |
_c307 _d307 |
||